header

The book of floating (Record no. 138795)

MARC details
000 -LEADER
fixed length control field 01256nam a2200337Ia 4500
082 04 - DEWEY DECIMAL CLASSIFICATION NUMBER
Classification number 613.7/92
100 1# - MAIN ENTRY--AUTHOR NAME
Personal name Hutchison, Michael.
245 14 - TITLE STATEMENT
Title The book of floating
260 ## - PUBLICATION, DISTRIBUTION, ETC. (IMPRINT)
Place of publication Nevada City, Calif. :
Name of publisher Gateway Books and Tapes,
Year of publication c2003.
300 ## - PHYSICAL DESCRIPTION
Number of Pages 268 p.
650 #0 - SUBJECT ADDED ENTRY--TOPICAL TERM
Topical Term Floating bodies.
Topical Term Relaxation.
Topical Term Sensory deprivation.
856 40 - ELECTRONIC LOCATION AND ACCESS
Uniform Resource Identifier http://site.ebrary.com/lib/rucke/Doc?id=10450997

No items available.

© 2026 Rongo University
Contact us: librarian | system librarian | Rongo university